Normal view
MARC view
- RATHOD SACHIN RAVSU
Entry Personal Name
001 - CONTROL NUMBER
- control field: 3677
003 - CONTROL NUMBER IDENTIFIER
- control field: OSt
005 - DATE AND TIME OF LATEST TRANSACTION
- control field: 20181011134741.0
008 - FIXED-LENGTH DATA ELEMENTS
- fixed length control field: 181011|| aca||aabn | a|a d
040 ## - CATALOGING SOURCE
- Original cataloging agency: OSt
- Transcribing agency: OSt
100 ## - HEADING--PERSONAL NAME
- Personal name: RATHOD SACHIN RAVSU
670 ## - SOURCE DATA FOUND
- Source citation: Work cat.: (OSt)14952: RATHOD SACHIN RAVSU, Performance and ergonomic evaluation of direct paddy seeder and mechanical rice transplanter in wet lands
